| 000 | 01105nam0a2200277 i 4500 | ||
|---|---|---|---|
| 001 | RU\NLR\BIBL_A\010190360 | ||
| 005 | 20240921115926.0 | ||
| 010 |
_a9785906470195 _9250 |
||
| 021 |
_aRU _b2014-7576 _9477 |
||
| 035 | _a(NLR Aleph) 010190360 | ||
| 090 |
_a10194242 _c10194242 |
||
| 100 | _a20140212d2014 km y0rusy50 ca | ||
| 101 | 0 | _arus | |
| 102 | _aRU | ||
| 105 | _ay|||z|||||||| | ||
| 200 | 1 |
_aПереписные книги Твери XVII века _f[сост.: А.В. Матисон] |
|
| 210 |
_aМосква _cСтарая Басманная _d2014 |
||
| 215 |
_a122, [1] с. _d20 |
||
| 320 | _aБиблиогр. в подстроч. примеч. | ||
| 320 | _aУказатели: служилых и приказ. людей, фамилий и прозвищ посадских людей, геогр.: с. 107-122 | ||
| 606 | 1 |
_aПереписны книги _yТверь, город _z17 в. _92173618 _3RU\NLR\AUTH\6601543731 |
|
| 686 | 1 | _aТ3(2)461,011 | |
| 702 | 1 |
_aМатисон _bА. В. _gАндрей Викторович _4220 |
|
| 942 | _cBOOK | ||
| 980 | _aNBR | ||